000 00278 a2200109 4500
001 50758
040 _cAnchieta - Pituba
240 1 0 _aDecifrando a Terra
_l
245 1 0 _aDecifrando a Terra
650 4 _aObras enciclopédicas gerais de línguas espanhola e portuguesa
942 _cMU
999 _c50758
_d50758